Statistics for Complete ABBA Song Quiz

Click here to take the quiz!

General Stats

  • This quiz has been taken 52 times
  • The average score is 40 of 108

Answer Stats

Answer% Correct
Chiquitita
77%
Dancing Queen
77%
Waterloo
77%
Mamma Mia
71%
Voulez-Vous
71%
Super Trouper
68%
The Winner Takes It All
65%
Money, Money Money
61%
Thank You For The Music
61%
Don't Shut Me Down
58%
SOS
58%
Angeleyes
55%
Does Your Mother Know
55%
Fernando
55%
Gimme! Gimme! Gimme! (A Man After Midnight)
52%
Honey, Honey
52%
I Have A Dream
52%
I Still Have Faith In You
52%
Lay All Your Love On Me
52%
Ring Ring
52%
Take A Chance On Me
52%
Andante, Andante
48%
Knowing Me, Knowing You
48%
Me And I
48%
One of Us
48%
Our Last Summer
48%
Slipping Through My Fingers
48%
The Day Before You Came
48%
Arrival
45%
If It Wasn't For The Nights
45%
Little Things
45%
The Name Of The Game
45%
The Visitors
45%
Bumblebee
42%
Just A Notion
42%
Under Attack
42%
When I Kissed The Teacher
42%
As Good As New
39%
Dum Dum Diddle
39%
Eagle
39%
I Can Be That Woman
39%
I Do, I Do, I Do, I Do, I Do
39%
I'm A Marionette
39%
Keep An Eye On Dan
39%
Kisses Of Fire
39%
Ode To Freedom
39%
When All Is Said And Done
39%
Happy New Year
35%
Head Over Heels
35%
Hole In Your Soul
35%
I've Been Waiting For You
35%
Nina, Pretty Ballerina
35%
One Man, One Woman
35%
Soldiers
35%
Summer Night City
35%
The King Has Lost His Crown
35%
Tiger
35%
Two for The Price of One
35%
When You Danced With Me
35%
Cassandra
32%
Disillusion
32%
Hey, Hey Helen
32%
I Wonder (Departure)
32%
King Kong Song
32%
Lovers (Live A Little Longer)
32%
My Love, My Life
32%
No Doubt About It
32%
On And On And On
32%
Rock Me
32%
Suzy-Hang-Around
32%
Why Did It Have To Be Me?
32%
Elaine
29%
Happy Hawaii
29%
I Let The Music Speak
29%
Intermezzo No. 1
29%
Like An Angel Passing Through My Room
29%
Move On
29%
Should I Laugh Or Cry
29%
So Long
29%
That's Me
29%
The Piper
29%
Another Town, Another Train
26%
Hasta Manana
26%
I Am The City
26%
People Need Love
26%
The Way Old Friends Do
26%
What About Livingstone
26%
You Owe Me One
26%
I Am Just A Girl
23%
Me And Bobby And Bobby's Brother
23%
Watch Out
23%
Dance (While The Music Still Goes On)
19%
Gonna Sing You My Love Song
19%
He Is Your Brother
19%
Man In The Middle
19%
Medley: Pick A Bale Of Cotton
19%
Put On Your White Sombrero
19%
She's My Kind Of Girl
19%
Sitting In The Palmtree
19%
Crazy World
16%
My Mama Said
16%
Santa Rosa
16%
Tropical Loveland
16%
Bang-A-Boomerang
13%
I Saw It In The Mirror
13%
Love Isn't Easy (But It Sure Is Hard Enough)
13%
Merry-Go-Round
13%
Rock'N'Roll Band
13%

Score Distribution

Percentile by Number Answered

Percent of People with Each Score

Your Score History

You have not taken this quiz